<?xml version="1.0" encoding="UTF-8"?>
<record
    xmlns:xsi="http://www.w3.org/2001/XMLSchema-instance"
    xsi:schemaLocation="http://www.loc.gov/MARC21/slim http://www.loc.gov/standards/marcxml/schema/MARC21slim.xsd"
    xmlns="http://www.loc.gov/MARC21/slim">

  <leader>00679nam a22002417a 4500</leader>
  <controlfield tag="003">IMU CC</controlfield>
  <controlfield tag="005">20260511170340.0</controlfield>
  <controlfield tag="008">251023b        |||||||| |||| 00| 0 eng d</controlfield>
  <datafield tag="020" ind1=" " ind2=" ">
    <subfield code="a">9781915488473</subfield>
  </datafield>
  <datafield tag="040" ind1=" " ind2=" ">
    <subfield code="a">IMU CC</subfield>
  </datafield>
  <datafield tag="041" ind1="0" ind2=" ">
    <subfield code="a">eng</subfield>
  </datafield>
  <datafield tag="082" ind1="0" ind2="0">
    <subfield code="2">23</subfield>
    <subfield code="a">623.88</subfield>
    <subfield code="b">LIV</subfield>
  </datafield>
  <datafield tag="100" ind1=" " ind2=" ">
    <subfield code="a">Livingstone, Grant</subfield>
    <subfield code="9">4212</subfield>
  </datafield>
  <datafield tag="245" ind1="1" ind2="0">
    <subfield code="a">Shiphandling:</subfield>
    <subfield code="b">the beautiful game /</subfield>
    <subfield code="c">Grant Livingstone and George Livingstone.</subfield>
  </datafield>
  <datafield tag="260" ind1=" " ind2=" ">
    <subfield code="a">London:</subfield>
    <subfield code="b">The Nautical Institute,</subfield>
    <subfield code="c">2025.</subfield>
  </datafield>
  <datafield tag="300" ind1=" " ind2=" ">
    <subfield code="a">ix, 150 p.:</subfield>
    <subfield code="b">ill.;</subfield>
    <subfield code="c">30 cm.</subfield>
  </datafield>
  <datafield tag="490" ind1="0" ind2=" ">
    <subfield code="v">vol.1</subfield>
  </datafield>
  <datafield tag="650" ind1=" " ind2="0">
    <subfield code="a">Anchoring</subfield>
    <subfield code="9">4213</subfield>
  </datafield>
  <datafield tag="650" ind1=" " ind2="0">
    <subfield code="a">Docking and Undocking</subfield>
    <subfield code="9">4214</subfield>
  </datafield>
  <datafield tag="700" ind1=" " ind2=" ">
    <subfield code="a">Livingstone, George</subfield>
    <subfield code="9">4216</subfield>
  </datafield>
  <datafield tag="856" ind1=" " ind2=" ">
    <subfield code="y">BK</subfield>
  </datafield>
  <datafield tag="942" ind1=" " ind2=" ">
    <subfield code="c">BK</subfield>
    <subfield code="2">ddc</subfield>
  </datafield>
  <datafield tag="999" ind1=" " ind2=" ">
    <subfield code="c">10303</subfield>
    <subfield code="d">10303</subfield>
  </datafield>
  <datafield tag="952" ind1=" " ind2=" ">
    <subfield code="0">0</subfield>
    <subfield code="1">0</subfield>
    <subfield code="2">ddc</subfield>
    <subfield code="4">0</subfield>
    <subfield code="7">0</subfield>
    <subfield code="a">IMUU</subfield>
    <subfield code="b">IMUU</subfield>
    <subfield code="c">GEN</subfield>
    <subfield code="d">2025-10-23</subfield>
    <subfield code="e">M/s.Sterling Book House; INV/4874 Dt.06.10.2025</subfield>
    <subfield code="g">14916.00</subfield>
    <subfield code="l">0</subfield>
    <subfield code="o">623.88 LIV</subfield>
    <subfield code="p">23852</subfield>
    <subfield code="r">2025-10-23 15:22:18</subfield>
    <subfield code="w">2025-10-23</subfield>
    <subfield code="y">RT</subfield>
  </datafield>
  <datafield tag="952" ind1=" " ind2=" ">
    <subfield code="0">0</subfield>
    <subfield code="1">0</subfield>
    <subfield code="2">ddc</subfield>
    <subfield code="4">0</subfield>
    <subfield code="7">0</subfield>
    <subfield code="a">IMUU</subfield>
    <subfield code="b">IMUU</subfield>
    <subfield code="c">GEN</subfield>
    <subfield code="d">2025-11-06</subfield>
    <subfield code="e">M/s.Sterling Book House; INV/5234 Dt.24.10.2025</subfield>
    <subfield code="g">14606.00</subfield>
    <subfield code="l">0</subfield>
    <subfield code="o">623.88 LIV</subfield>
    <subfield code="p">24156</subfield>
    <subfield code="r">2025-11-06 16:47:07</subfield>
    <subfield code="w">2025-11-06</subfield>
    <subfield code="y">RT</subfield>
  </datafield>
</record>
